000 00766nam a2200253 i 4500
001 000028771
003 DO-SdBNP
005 20240424132207.0
007 ta
008 110412s1987 dr a 000 0 spa d
040 _aDO-SdBNP
_bspa
_cBNPHU
_erda
082 4 _bL937c
_222
100 1 _aLuciano, Margarita,
_eautor
_929227
245 1 0 _aComo enseñar las fracciones en el nivel primario /
_cMargarita Luciano.
264 _aSanto Domingo :
_bEdiciones Patricio,
_c1987.
300 _a61 paginas :
_bilustraciones ;
_c23 cm.
336 _2rdacontent
_atexto
_btxt
337 _2rdamedia
_asin mediación
_bn
338 _2rdacarrier
_avolumen
_bnc
490 1 _aOrientaciones Matemáticas
590 _aInventariado, 2023 / DG
910 _aDG
942 _2ddc
_cLBS1
999 _c28263
_d28263